[Event "Tournament 14459 - Europe Echecs"]
[Site "Europe Echecs"]
[Date "2020.07.07"]
[Round "9"]
[Time "18:23:10"]
[PlyCount "164"]
[White "TurchiMatteo"]
[Black "DavoustNicolas"]
[WhiteElo "1129"]
[BlackElo "1300"]
[Mode "WEB"]
[Result "1/2-1/2"]

1. e4 e5 2. Nf3 Nc6 3. Bc4 Bc5 4. Nc3 Nf6 5. d3 O-O 6. Bg5 Re8 7. Nd5 Bb4+ 8. c3
Be7 9. Nxf6+ Bxf6 10. Bxf6 Qxf6 11. O-O d6 12. h3 Qg6 13. Nh2 Bxh3 14. Qf3 Be6
15. Bxe6 Rxe6 16. Qg4 Qxg4 17. Nxg4 h6 18. f4 Rd8 19. fxe5 Nxe5 20. Nxe5 dxe5
21. Rf5 g6 22. Rf3 Kg7 23. Raf1 f6 24. Kh2 g5 25. g4 Rh8 26. Kg3 h5 27. gxh5
Rxh5 28. Kg4 Rh6 29. Kf5 Rb6 30. b3 Ra6 31. a4 c5 32. Kg4 Rh4+ 33. Kf5 Rb6 34.
Rb1 Rc6 35. b4 cxb4 36. cxb4 Rc8 37. Rd1 Rd8 38. Ke6 a6 39. Ke7 Rhh8 40. Ke6
Rhe8+ 41. Kf5 Rd4 42. Rb1 b5 43. axb5 axb5 44. Kg4 Red8 45. Rb3 Kg6 46. Kg3 Rh8
47. Kf2 Rf8 48. Ke3 g4 49. Rg3 Kg5 50. Rb1 Rh8 51. Rbg1 Rhd8 52. Rxg4+ Kh5 53.
R4g2 Rxd3+ 54. Ke2 Rd2+ 55. Ke1 Rd1+ 56. Ke2 Rxg1 57. Rxg1 Rd4 58. Rh1+ Kg4 59.
Rg1+ Kf4 60. Rf1+ Kxe4 61. Rxf6 Rxb4 62. Re6 Rb2+ 63. Kd1 Kd5 64. Rb6 e4 65. Kc1
Rb4 66. Kc2 e3 67. Kd3 Rb3+ 68. Ke2 Kc5 69. Rb8 b4 70. Rc8+ Kd5 71. Re8 Kc4 72.
Rc8+ Kd5 73. Rd8+ Ke5 74. Re8+ Kf4 75. Rf8+ Kg5 76. Rg8+ Kf6 77. Re8 Kf7 78.
Rxe3 Rxe3+ 79. Kxe3 b3 80. Kd3 b2 81. Kc2 b1=Q+ 82. Kxb1 {Aucun joueur n'a le mat&eacute;riel pour mater} 1/2-1/2

[Event "Tournament 14459 - Europe Echecs"]
[Site "Europe Echecs"]
[Date "2020.07.07"]
[Round "9"]
[Time "18:23:10"]
[PlyCount "133"]
[White "StrieviLeonie"]
[Black "OuadiSammy"]
[WhiteElo "1280"]
[BlackElo "1080"]
[Mode "WEB"]
[Result "0-1"]

1. e4 e5 2. Nf3 Nc6 3. Bc4 Bc5 4. Nc3 Nf6 5. d3 O-O 6. Bg5 h6 7. Bh4 d6 8. Nd5
g5 9. Nxg5 hxg5 10. Bxg5 Bxf2+ 11. Kxf2 Nxe4+ 12. dxe4 Qxg5 13. h4 Qg6 14. Qf3
Nd4 15. Ne7+ Kg7 16. Nxg6 Nxf3 17. gxf3 fxg6 18. Rag1 Kh6 19. h5 gxh5 20. Rh2
Rh8 21. Rhg2 Rf8 22. Rg6+ Kh7 23. Rg7+ Kh8 24. Rg8+ Rxg8 25. Rxg8+ Kh7 26. Bf7
h4 27. Rg5 Bd7 28. Rh5+ Kg7 29. Bd5 Rh8 30. Rg5+ Kf6 31. Rg2 h3 32. Rh2 c6 33.
Bc4 Kg5 34. Kg3 Rh7 35. Bf1 d5 36. Bxh3 Rxh3+ 37. Rxh3 Bxh3 38. Kxh3 Kf4 39. Kg2
dxe4 40. fxe4 Kxe4 41. Kf2 Kf4 42. Ke2 Ke4 43. Kd2 Kf3 44. c3 Kf2 45. Kd3 Kf3
46. Kd2 e4 47. Kd1 Kf2 48. Kd2 e3+ 49. Kd1 e2+ 50. Kd2 e1=Q+ 51. Kd3 Qb1+ 52.
Kc4 Qxb2 53. Kd3 Qe2+ 54. Kd4 b6 55. c4 Qxa2 56. c5 bxc5+ 57. Kxc5 a5 58. Kxc6
a4 59. Kc5 a3 60. Kd4 Qe2 61. Kc3 a2 62. Kb4 a1=Q 63. Kc5 Qd2 64. Kc6 Qac3+ 65.
Kb6 Qdb2+ 66. Ka6 Qca3# {StrieviLeonie est échec et mat} 0-1

[Event "Tournament 14459 - Europe Echecs"]
[Site "Europe Echecs"]
[Date "2020.07.07"]
[Round "9"]
[Time "18:23:10"]
[PlyCount "68"]
[White "MindeTimothe"]
[Black "LuxOceane"]
[WhiteElo "1075"]
[BlackElo "1273"]
[Mode "WEB"]
[Result "1-0"]

1. e4 e5 2. Bc4 Nf6 3. d3 Nc6 4. Nf3 Be7 5. O-O O-O 6. Be3 d6 7. Nbd2 Bg4 8. c3
Qd7 9. b4 Bh3 10. gxh3 Qxh3 11. Ng5 Ng4 12. Nxh3 Rfe8 13. Qxg4 Bd8 14. Bg5 Bxg5
15. Nxg5 h6 16. Bxf7+ Kf8 17. Bxe8 hxg5 18. Bxc6 bxc6 19. Qxg5 Re8 20. d4 Kf7
21. dxe5 dxe5 22. Nf3 Re6 23. Nxe5+ Kf8 24. Nxc6 Kf7 25. Nd8+ Kf8 26. Nxe6+ Kf7
27. Qxg7+ Kxe6 28. Qxc7 Kf6 29. Rad1 a5 30. Rd6+ Ke5 31. Rh6+ Kxe4 32. Rh5 axb4
33. Qc4+ Kf3 34. Rh3# {LuxOceane est échec et mat} 1-0

[Event "Tournament 14459 - Europe Echecs"]
[Site "Europe Echecs"]
[Date "2020.07.07"]
[Round "9"]
[Time "18:23:10"]
[PlyCount "45"]
[White "IentileTimeo"]
[Black "MenceEline"]
[WhiteElo "1064"]
[BlackElo "1264"]
[Mode "WEB"]
[Result "0-1"]

1. d4 d5 2. c4 e6 3. Nc3 f5 4. e3 c6 5. Nf3 Nf6 6. Bd3 Bd6 7. O-O O-O 8. Re1 Bd7
9. Ng5 Ne4 10. Ncxe4 fxe4 11. Qh5 h6 12. Nf7 Rxf7 13. Bc2 Qf6 14. f3 exf3 15.
Rf1 f2+ 16. Kh1 Qg5 17. Qh3 e5 18. Qg3 Qxg3 19. hxg3 e4 20. Bd2 Bg4 21. Kh2 Rf5
22. cxd5 Rh5# {IentileTimeo est échec et mat} 0-1

[Event "Tournament 14459 - Europe Echecs"]
[Site "Europe Echecs"]
[Date "2020.07.07"]
[Round "9"]
[Time "18:23:10"]
[PlyCount "155"]
[White "LentieulElliot"]
[Black "BennaniJoachim"]
[WhiteElo "1000"]
[BlackElo "1226"]
[Mode "WEB"]
[Result "1/2-1/2"]

1. d4 d5 2. c4 dxc4 3. e3 Bf5 4. Bxc4 e6 5. Nf3 Nc6 6. O-O Nf6 7. Nc3 Be7 8. Bd2
O-O 9. Qb3 Rb8 10. a3 Na5 11. Qa2 Nxc4 12. Qxc4 Qd7 13. Ne5 Qd8 14. Nb5 a6 15.
Nc3 Bd6 16. Rfd1 Nd7 17. Nxd7 Qxd7 18. e4 Bg6 19. e5 Be7 20. f4 h6 21. Be3 Rfe8
22. Qe2 Rbd8 23. Qf3 Rb8 24. h3 Bh7 25. Ne4 Qd5 26. Nc5 Qxf3 27. gxf3 Bxc5 28.
dxc5 Rbd8 29. Bd2 Kf8 30. Bb4 c6 31. Rac1 Ke7 32. Ba5 Rxd1+ 33. Rxd1 Bg6 34. Kg2
Bh7 35. Kg3 Bg6 36. Kg4 Bh7 37. h4 Bg6 38. h5 Bf5+ 39. Kh4 Bh7 40. Kg3 Bf5 41.
Rd4 Bh7 42. Rb4 Rb8 43. Bb6 Kd7 44. Ba7 a5 45. Rb3 Rc8 46. Rxb7+ Rc7 47. Rxc7+
Kxc7 48. Bb6+ Kb7 49. Bxa5 Ka6 50. Bc3 Kb5 51. Bd4 Kc4 52. a4 Kb4 53. b3 Kxb3
54. a5 Bd3 55. Kf2 Kb4 56. Ke3 Bb5 57. Ke4 Kxa5 58. f5 exf5+ 59. Kxf5 Bc4 60. f4
Kb4 61. Ke4 Ka5 62. f5 Ka6 63. f6 gxf6 64. exf6 Be6 65. Ke5 Kb7 66. Be3 Bg4 67.
Bxh6 Bxh5 68. Kd6 Bg6 69. Bf8 Bh5 70. Be7 Bg6 71. Kd7 Bh5 72. Ke8 Bg6 73. Bd6
Bh5 74. Ke7 Bg6 75. Kd7 Bh5 76. Bf4 Bg6 77. Bd2 Bh5 {Nulle par accord mutuel} 1/2-1/2

[Event "Tournament 14459 - Europe Echecs"]
[Site "Europe Echecs"]
[Date "2020.07.07"]
[Round "9"]
[Time "18:23:10"]
[PlyCount "78"]
[White "TavaresRibeiro"]
[Black "LuuFreundEstel"]
[WhiteElo "1225"]
[BlackElo "1046"]
[Mode "WEB"]
[Result "1-0"]

1. c4 e5 2. Nc3 Nf6 3. g3 Nc6 4. Bg2 Be7 5. Nf3 h6 6. O-O O-O 7. d4 e4 8. Nd2
Nxd4 9. Ndxe4 Nxe4 10. Bxe4 Nc6 11. Bf4 d6 12. a3 Qd7 13. Bg2 Qf5 14. Re1 Bg5
15. Bxg5 Qxg5 16. Rc1 Qh5 17. Qd5 Ne5 18. f4 Be6 19. Qxb7 Bh3 20. fxe5 Bxg2 21.
Qxg2 Qxe5 22. Qe4 Qg5 23. Rf1 Rfe8 24. Qf4 Qe7 25. Rcd1 Rab8 26. Rde1 Rxb2 27.
Nd5 Qe6 28. Nxc7 Qd7 29. Nxe8 Qxe8 30. Qf3 Rb7 31. Qxb7 Kh7 32. Qxf7 Qe3+ 33.
Qf2 Qe4 34. Qf5+ Qxf5 35. Rxf5 g6 36. Rf7+ Kg8 37. Rxa7 Kf8 38. Rb1 Ke8 39. Rb8# {LuuFreundEstel est échec et mat} 1-0

[Event "Tournament 14459 - Europe Echecs"]
[Site "Europe Echecs"]
[Date "2020.07.07"]
[Round "9"]
[Time "18:23:10"]
[PlyCount "70"]
[White "SingaramSheyon"]
[Black "TriboutMarius"]
[WhiteElo "1209"]
[BlackElo "1037"]
[Mode "WEB"]
[Result "1-0"]

1. e4 e5 2. Nf3 Nc6 3. Bc4 Nf6 4. Ng5 d5 5. exd5 Na5 6. Bb5+ c6 7. dxc6 bxc6 8.
Bd3 h6 9. Ne4 Nxe4 10. Bxe4 Bc5 11. d3 O-O 12. O-O Bd7 13. Qh5 Nb7 14. Bxh6 gxh6
15. Qxh6 f5 16. Bxc6 Bxc6 17. Qxc6 Bd4 18. c3 Rc8 19. Qg6+ Kh8 20. cxd4 exd4 21.
Re1 Qh4 22. Nd2 Rg8 23. Qxf5 Rcf8 24. Qe5+ Kh7 25. Qe7+ Qxe7 26. Rxe7+ Kg6 27.
Rxb7 Re8 28. Ne4 Re6 29. Rc1 Rge8 30. Rcc7 Kf5 31. Rf7+ Kg6 32. Rg7+ Kh5 33. g4+
Kh6 34. Rh7+ Kg6 35. Rbg7# {TriboutMarius est échec et mat} 1-0

[Event "Tournament 14459 - Europe Echecs"]
[Site "Europe Echecs"]
[Date "2020.07.07"]
[Round "9"]
[Time "18:23:10"]
[PlyCount "161"]
[White "SauerMathis"]
[Black "HeemAlice"]
[WhiteElo "1058"]
[BlackElo "1203"]
[Mode "WEB"]
[Result "0-1"]

1. e4 c5 2. Nf3 d6 3. d4 cxd4 4. Nxd4 Nf6 5. Nc3 g6 6. Bc4 Bg7 7. O-O O-O 8. Be3
Bg4 9. Nde2 Nc6 10. h3 Bxe2 11. Qxe2 Re8 12. Rad1 Rc8 13. b3 Nd7 14. Nb1 Nf6 15.
Nc3 Qa5 16. Bd2 Nd7 17. Nd5 Qxa2 18. Bd3 e6 19. Nc3 Bxc3 20. Bxc3 Nce5 21. f4
Nxd3 22. Qxd3 Qa6 23. Qd4 Qb6 24. Qxb6 axb6 25. Bb2 Rxc2 26. Ba1 Ra8 27. Rxd6
Raa2 28. Rfd1 Rxg2+ 29. Kf1 Raf2+ 30. Ke1 Re2+ 31. Kf1 Rgf2+ 32. Kg1 Nf8 33. Rd8
Rxf4 34. Rc1 Rff2 35. Bd4 Rg2+ 36. Kf1 Rc2 37. Ra1 Rgd2 38. Ke1 Re2+ 39. Kd1
Rcd2+ 40. Kc1 Ra2 41. Rxa2 Rxa2 42. Bxb6 f5 43. Bd4 Kf7 44. exf5 exf5 45. Rb8 f4
46. Rxb7+ Kg8 47. Rb6 f3 48. Rf6 Rh2 49. b4 Rxh3 50. b5 Rh5 51. b6 Rb5 52. Rxf3
Ne6 53. Bg1 g5 54. Rf6 Nd8 55. Kd2 Kg7 56. Rd6 Nf7 57. Rd7 Rb1 58. b7 g4 59. Ba7
g3 60. b8=Q Rxb8 61. Bxb8 g2 62. Ba7 h5 63. Ke3 g1=Q+ 64. Ke4 Qg4+ 65. Ke3 Qxd7
66. Bd4+ Kg6 67. Kd3 Ne5+ 68. Kc3 Nf3 69. Bc5 Qc6 70. Kc4 Ne5+ 71. Kd4 h4 72.
Bb4 Qc4+ 73. Kxe5 Qxb4 74. Ke6 Qb5 75. Kd6 h3 76. Ke6 h2 77. Kd6 h1=Q 78. Ke6
Qhc6+ 79. Ke7 Qbb7+ 80. Kd8 Qcc8# {SauerMathis est échec et mat} 0-1

[Event "Tournament 14459 - Europe Echecs"]
[Site "Europe Echecs"]
[Date "2020.07.07"]
[Round "9"]
[Time "18:23:10"]
[PlyCount "57"]
[White "TurcuDavid"]
[Black "VerdierAnais"]
[WhiteElo "1056"]
[BlackElo "1159"]
[Mode "WEB"]
[Result "1-0"]

1. e4 e6 2. d4 d5 3. exd5 exd5 4. Nf3 c5 5. c3 Nf6 6. Bd3 Nc6 7. h3 Be7 8. O-O
O-O 9. Bf4 cxd4 10. cxd4 Re8 11. Nc3 Bd7 12. Re1 Qb6 13. Na4 Qa5 14. Bc2 Bb4 15.
Rxe8+ Rxe8 16. a3 Be7 17. Bd2 Qc7 18. Bd3 Qd6 19. Qc2 Bd8 20. Qc5 Qxc5 21. Nxc5
b6 22. Nxd7 Nxd7 23. Bb5 Ndb8 24. Rc1 Re6 25. Ne5 Nxe5 26. dxe5 Be7 27. Rc8+ Bf8
28. Bb4 f6 {VerdierAnais a abandonné} 1-0

[Event "Tournament 14459 - Europe Echecs"]
[Site "Europe Echecs"]
[Date "2020.07.07"]
[Round "9"]
[Time "18:23:10"]
[PlyCount "65"]
[White "DeGouyEdgar"]
[Black "BaderThomas"]
[WhiteElo "1155"]
[BlackElo "1072"]
[Mode "WEB"]
[Result "0-1"]

1. d4 d5 2. c4 Nf6 3. Nc3 e6 4. Bg5 Bb4 5. Bxf6 Qxf6 6. cxd5 exd5 7. Nf3 Nc6 8.
e3 Bg4 9. Be2 Bxc3+ 10. bxc3 O-O 11. O-O Qg6 12. Bd3 Qh5 13. Be2 Qg6 14. Nd2 Bh3
15. Bf3 f5 16. Kh1 Bg4 17. h3 Bxf3 18. Nxf3 f4 19. Qb3 b6 20. Qb4 Nxb4 21. cxb4
fxe3 22. fxe3 Rf6 23. Ne5 Rxf1+ 24. Rxf1 Qc2 25. Nd7 Qxa2 26. g4 Qc2 27. g5 Qe4+
28. Kg1 Qxe3+ 29. Kh2 Qxg5 30. Rg1 Qf4+ 31. Rg3 Qxd4 32. Nf6+ Qxf6 {DeGouyEdgar a abandonné} 0-1

[Event "Tournament 14459 - Europe Echecs"]
[Site "Europe Echecs"]
[Date "2020.07.07"]
[Round "9"]
[Time "18:23:10"]
[PlyCount "189"]
[White "ThibousMael"]
[Black "KhantalinaIlar"]
[WhiteElo "1094"]
[BlackElo "1580"]
[Mode "WEB"]
[Result "0-1"]

1. d4 d5 2. c4 e6 3. Nc3 Nf6 4. Nf3 c6 5. e3 Nbd7 6. cxd5 cxd5 7. Bd3 Bd6 8. e4
O-O 9. e5 Ne4 10. exd6 Nxc3 11. bxc3 Qb6 12. Qc2 Qxd6 13. O-O Nb6 14. Bxh7+ Kh8
15. Bd3 Nd7 16. Re1 Nf6 17. Ne5 Re8 18. Nxf7+ Kg8 19. Nxd6 Rd8 20. Nxc8 Rdxc8
21. Rxe6 Rc7 22. Bg5 Kf7 23. Rd6 Re7 24. Bxf6 gxf6 25. Bg6+ Kf8 26. Qf5 Kg8 27.
Qxd5+ Kg7 28. Rd7 Rxd7 29. Qxd7+ Kxg6 30. Qxb7 Re8 31. Qd7 Re4 32. Qd5 Re8 33.
h3 f5 34. g4 fxg4 35. hxg4 Rh8 36. Qf7+ Kxf7 37. f3 Kg6 38. Kg2 Kg5 39. Kg3 Rc8
40. f4+ Kg6 41. Rc1 Re8 42. c4 Re3+ 43. Kh4 Re4 44. f5+ Kf6 45. d5 Rd4 46. c5
Rxd5 47. c6 Rd8 48. c7 Rc8 49. Rc6+ Ke5 50. f6 Kd5 51. Rc1 Ke6 52. g5 Kf7 53.
Kg4 a5 54. Kf4 a4 55. Kf5 Ke8 56. g6 Kf8 57. g7+ Kf7 58. Re1 Kg8 59. Kg6 Rxc7
60. Re4 Rc2 61. Rxa4 Rg2+ 62. Kf5 Rf2+ 63. Rf4 Rxa2 64. Rg4 Ra5+ 65. Kg6 Ra7 66.
Rf4 Rd7 67. Rf5 Ra7 68. Rf1 Rd7 69. f7+ Rxf7 70. Re1 Rxg7+ 71. Kf5 Rf7+ 72. Kg5
Rg7+ 73. Kf4 Rf7+ 74. Kg3 Rg7+ 75. Kh4 Rg2 76. Kh3 Rg7 77. Re8+ Kf7 78. Ra8 Kf6
79. Ra6+ Kf5 80. Ra5+ Kf4 81. Ra4+ Kg5 82. Rg4+ Kf6 83. Rf4+ Ke5 84. Rf2 Ke4 85.
Re2+ Kf3 86. Re3+ Kxe3 87. Kh4 Kf3 88. Kh5 Kf4 89. Kh6 Rg1 90. Kh5 Rg2 91. Kh6
Kf5 92. Kh7 Kf6 93. Kh8 Kf7 94. Kh7 Rh2# {ThibousMael est échec et mat} 0-1

[Event "Tournament 14459 - Europe Echecs"]
[Site "Europe Echecs"]
[Date "2020.07.07"]
[Round "9"]
[Time "18:23:10"]
[PlyCount "86"]
[White "BildsteinNolan"]
[Black "DaghsenAdem"]
[WhiteElo "1111"]
[BlackElo "1400"]
[Mode "WEB"]
[Result "1-0"]

1. e4 e5 2. Nf3 Nc6 3. Bb5 a6 4. Bxc6 dxc6 5. d4 exd4 6. Qxd4 Qxd4 7. Nxd4 Nf6
8. e5 Ne4 9. O-O Bc5 10. c3 O-O 11. Re1 Ng5 12. Bxg5 h6 13. Be3 Re8 14. Bf4 g5
15. Bg3 Bd6 16. Nd2 Bc5 17. N2b3 Bf8 18. f4 gxf4 19. Bxf4 c5 20. Nf3 c4 21. Nbd2
Bc5+ 22. Be3 Bf8 23. Nxc4 b5 24. Ncd2 Bg4 25. b4 Bxf3 26. Nxf3 Re6 27. Bf4 Be7
28. Nd4 Rg6 29. Rad1 Kh8 30. e6 f6 31. Nf5 Bd6 32. Nxd6 cxd6 33. Rxd6 Rag8 34.
Bg3 h5 35. Re2 h4 36. Bxh4 Rc8 37. e7 Rgg8 38. Bxf6+ Kh7 39. Bd4 Rg4 40. e8=Q
Rxe8 41. Rxe8 Rg5 42. Re7+ Kg8 43. Rd8# {DaghsenAdem est échec et mat} 1-0

[Event "Tournament 14459 - Europe Echecs"]
[Site "Europe Echecs"]
[Date "2020.07.07"]
[Round "9"]
[Time "18:23:10"]
[PlyCount "103"]
[White "DincovChristia"]
[Black "DabremontGuill"]
[WhiteElo "1019"]
[BlackElo "1311"]
[Mode "WEB"]
[Result "0-1"]

1. e4 e5 2. Nf3 Nc6 3. Bb5 Nf6 4. Nc3 Bc5 5. d3 Ng4 6. O-O O-O 7. h3 Nf6 8. Bxc6
dxc6 9. Nxe5 Qd6 10. Nc4 Qd8 11. Bg5 h6 12. Bh4 b5 13. Na5 Bxh3 14. gxh3 g5 15.
Bg3 Qc8 16. Nxc6 Qxh3 17. b4 Nh5 18. Qf3 Nxg3 19. Qxg3 Qxg3+ 20. Kh1 Qh3+ 21.
Kg1 Bxf2+ 22. Rxf2 Qg3+ 23. Rg2 Qd6 24. Na5 Qd4+ 25. Rf2 Qxc3 26. Raf1 Qxb4 27.
Nc6 Qd6 28. Na5 Qg3+ 29. Rg2 Qe3+ 30. Rgf2 f5 31. exf5 Rae8 32. Kg2 Re5 33. Nc6
Rc5 34. Rf3 Qd2+ 35. R3f2 Qc3 36. Ne7+ Kg7 37. f6+ Kf7 38. Nf5 Rxf5 39. Rxf5
Qxc2+ 40. R1f2 Qxd3 41. Kg1 Qd4 42. Kg2 Qe4+ 43. Kg1 Rd8 44. Rf1 Qg4+ 45. Kh1
Qh5+ 46. Kg1 Rd4 47. Re1 Rg4+ 48. Kf1 Qh3+ 49. Kf2 Rg2+ 50. Kf1 Rxa2+ 51. Kg1
Qg2# {DincovChristia est échec et mat} 0-1

[Event "Tournament 14459 - Europe Echecs"]
[Site "Europe Echecs"]
[Date "2020.07.07"]
[Round "9"]
[Time "18:23:10"]
[PlyCount "51"]
[White "YvonGregoire"]
[Black "MaisonhauteEle"]
[WhiteElo "1210"]
[BlackElo "1088"]
[Mode "WEB"]
[Result "0-1"]

1. d4 d5 2. c4 Nf6 3. Nc3 dxc4 4. e4 Bg4 5. Nf3 Nc6 6. Be3 e6 7. Bxc4 Bb4 8. Bb5
O-O 9. a3 Bxc3+ 10. bxc3 Nxe4 11. Bxc6 Nxc3 12. Qc2 bxc6 13. Qxc3 Rb8 14. Qxc6
Re8 15. h3 Bh5 16. g4 Bg6 17. h4 h6 18. h5 Bh7 19. g5 hxg5 20. Bxg5 f6 21. Bf4
e5 22. dxe5 fxe5 23. Bg5 Qd3 24. Nh4 Rb2 25. Qxc7 Qe2# {YvonGregoire est échec et mat} 0-1

[Event "Tournament 14459 - Europe Echecs"]
[Site "Europe Echecs"]
[Date "2020.07.07"]
[Round "9"]
[Time "18:23:10"]
[PlyCount "63"]
[White "ManvieuPaul"]
[Black "VossZachary"]
[WhiteElo "1018"]
[BlackElo "1196"]
[Mode "WEB"]
[Result "0-1"]

1. e4 c5 2. Nc3 Nc6 3. Bc4 a6 4. a4 d6 5. d3 Nf6 6. f4 g6 7. Nf3 Bg7 8. O-O O-O
9. Qe1 e6 10. Qh4 d5 11. Bb3 dxe4 12. dxe4 Nd4 13. Ng5 h5 14. e5 Nxb3 15. exf6
Nxa1 16. fxg7 Kxg7 17. Qf2 Qd4 18. Be3 Qd7 19. Rxa1 b6 20. Rd1 Qe7 21. Qh4 e5
22. Nd5 Qd6 23. Nc3 Qe7 24. Nd5 Qd8 25. Nc3 Qe8 26. Nd5 Bb7 27. Nc7 Qe7 28. Nxa8
Rxa8 29. Qh3 exf4 30. Bxf4 Qe2 31. Rd7 Qe1# {ManvieuPaul est échec et mat} 0-1

[Event "Tournament 14459 - Europe Echecs"]
[Site "Europe Echecs"]
[Date "2020.07.07"]
[Round "9"]
[Time "18:23:10"]
[PlyCount "99"]
[White "DevezeLeopold"]
[Black "DeMartinoDanie"]
[WhiteElo "1180"]
[BlackElo "870"]
[Mode "WEB"]
[Result "0-1"]

1. d4 Nf6 2. Bf4 g6 3. e3 Bg7 4. Nf3 O-O 5. Bd3 d6 6. c3 Nc6 7. Nbd2 b6 8. O-O
Bb7 9. h3 Re8 10. Bb5 a6 11. Bxc6 Bxc6 12. Qb3 Bd5 13. c4 Bb7 14. d5 e6 15. dxe6
Rxe6 16. Ng5 Re8 17. c5 Bh6 18. Qxf7+ Kh8 19. Ne6 Qe7 20. Qxe7 Rxe7 21. Nd4 Bxf4
22. exf4 dxc5 23. N4f3 Rd8 24. Rae1 Rxe1 25. Rxe1 Bxf3 26. Nxf3 Nh5 27. Ne5 Rf8
28. g3 Nf6 29. Kg2 Nd5 30. Nd7 Rd8 31. Ne5 Rf8 32. Nc6 b5 33. Re5 Nb4 34. Rxc5
Nxc6 35. Rxc6 Rd8 36. Rxc7 Rd2 37. Ra7 Rxb2 38. Rxa6 b4 39. Ra8+ Kg7 40. Kf3 Kf6
41. Kg4 Rxf2 42. Rb8 h5+ 43. Kh4 Rxa2 44. Rxb4 Kf5 45. g4+ hxg4 46. hxg4+ Kf6
47. g5+ Kf5 48. Rb6 Kxf4 49. Rxg6 Rh2# {DevezeLeopold est échec et mat} 0-1

[Event "Tournament 14459 - Europe Echecs"]
[Site "Europe Echecs"]
[Date "2020.07.07"]
[Round "9"]
[Time "18:23:10"]
[PlyCount "63"]
[White "RobbeLeni"]
[Black "RobertPaul"]
[WhiteElo "1160"]
[BlackElo "1070"]
[Mode "WEB"]
[Result "0-1"]

1. e4 e5 2. Nf3 Nf6 3. Nc3 Nc6 4. Bc4 Bc5 5. O-O O-O 6. d3 h6 7. h3 d6 8. Re1 a6
9. Be3 Bxe3 10. Rxe3 b5 11. Bb3 Bb7 12. Qd2 Qd7 13. Re2 Rad8 14. Ree1 Nd4 15.
Nxd4 exd4 16. Ne2 d5 17. exd5 Bxd5 18. Bxd5 Qxd5 19. Nf4 Qg5 20. Rad1 Rfe8 21.
Rxe8+ Rxe8 22. Kh2 Qh4 23. a3 Ng4+ 24. Kg1 g5 25. Nd5 Ne5 26. Nxc7 Rc8 27. Nxa6
g4 28. hxg4 Nxg4 29. Qf4 Rxc2 30. f3 Qf2+ 31. Kh1 Qxg2# {RobbeLeni est échec et mat} 0-1

[Event "Tournament 14459 - Europe Echecs"]
[Site "Europe Echecs"]
[Date "2020.07.07"]
[Round "9"]
[Time "18:23:10"]
[PlyCount "165"]
[White "LamorelleAlexe"]
[Black "SurCortierColi"]
[WhiteElo "1009"]
[BlackElo "1128"]
[Mode "WEB"]
[Result "0-1"]

1. e4 e5 2. Nf3 Nc6 3. Nc3 Nf6 4. Bb5 d6 5. d3 Bg4 6. Bg5 Be7 7. O-O O-O 8. Bxc6
bxc6 9. Qe2 Re8 10. Qe3 Bxf3 11. Qxf3 d5 12. exd5 cxd5 13. Bxf6 Bxf6 14. Nxd5 e4
15. dxe4 Bxb2 16. Rab1 Bf6 17. Nxf6+ Qxf6 18. Qxf6 gxf6 19. Rfe1 Re5 20. f4 Re7
21. e5 fxe5 22. fxe5 Rae8 23. Rb7 Rxe5 24. Rxe5 Rxe5 25. Rxc7 Ra5 26. c4 Rxa2
27. c5 a5 28. c6 Rc2 29. Rc8+ Kg7 30. c7 a4 31. Ra8 Rxc7 32. Rxa4 f5 33. Kf2 Kg6
34. Kf3 Kg5 35. g4 Rc3+ 36. Kf2 fxg4 37. Ra7 h5 38. Rh7 Kh4 39. Kg2 Rc2+ 40. Kg1
g3 41. hxg3+ Kxg3 42. Rg7+ Kh3 43. Kh1 h4 44. Kg1 Rc3 45. Kh1 Rg3 46. Rh7 Ra3
47. Kg1 Kg3 48. Rg7+ Kf4 49. Kh2 Ra2+ 50. Kh3 Ra6 51. Rh7 Ra3+ 52. Kxh4 Ra1 53.
Rf7+ Ke5 54. Kg5 Rg1+ 55. Kh6 Ke6 56. Rf2 Ke5 57. Rf7 Rh1+ 58. Kg6 Ke6 59. Rh7
Rg1+ 60. Kh6 Kf6 61. Kh5 Rh1+ 62. Kg4 Rxh7 63. Kf4 Rh5 64. Ke4 Rg5 65. Kd4 Ke6
66. Kc4 Kd6 67. Kd4 Rg4+ 68. Kd3 Kd5 69. Ke3 Ra4 70. Kf3 Ke5 71. Kg3 Kf5 72. Kf3
Ra3+ 73. Ke2 Ke4 74. Kf2 Rb3 75. Kg2 Kf4 76. Kf1 Rb2 77. Ke1 Ke3 78. Kd1 Rh2 79.
Kc1 Kd3 80. Kb1 Kc3 81. Ka1 Kb3 82. Kb1 Rh1# {LamorelleAlexe est échec et mat} 0-1

[Event "Tournament 14459 - Europe Echecs"]
[Site "Europe Echecs"]
[Date "2020.07.07"]
[Round "9"]
[Time "18:23:10"]
[PlyCount "93"]
[White "NeyAlexandreYl"]
[Black "SchmittVavihelA"]
[WhiteElo "1115"]
[BlackElo "1051"]
[Mode "WEB"]
[Result "0-1"]

1. e4 e5 2. Nf3 Nc6 3. Nc3 Bb4 4. d3 Bxc3+ 5. bxc3 Nf6 6. Bg5 h6 7. Bxf6 Qxf6 8.
Be2 d6 9. d4 exd4 10. cxd4 Bg4 11. e5 Qe6 12. exd6 Qxd6 13. O-O Bxf3 14. Bxf3
Qxd4 15. Qxd4 Nxd4 16. Rfe1+ Kf8 17. Bxb7 Rb8 18. Bd5 Nxc2 19. Rab1 Rxb1 20.
Rxb1 Ke7 21. Rc1 Nb4 22. Bb3 Rd8 23. g3 c6 24. Re1+ Kf8 25. Re3 Rd2 26. Rf3 f6
27. h4 Nxa2 28. Bxa2 Rxa2 29. Rc3 Ra6 30. g4 Rb6 31. f4 a5 32. Rc5 Ra6 33. Kf1
a4 34. Ke2 a3 35. Rc1 a2 36. Rb1 axb1=Q 37. g5 Qf5 38. gxh6 Qxf4 39. hxg7+ Kxg7
40. h5 Qg4+ 41. Ke3 Qxh5 42. Kd4 Ra4+ 43. Kc3 Qh3+ 44. Kb2 Rg4 45. Kc1 Rg2 46.
Kd1 Qh1# {NeyAlexandreYl est échec et mat} 0-1

[Event "Tournament 14459 - Europe Echecs"]
[Site "Europe Echecs"]
[Date "2020.07.07"]
[Round "9"]
[Time "18:23:10"]
[PlyCount "80"]
[White "BernardiNicola"]
[Black "BourloisMael"]
[WhiteElo "799"]
[BlackElo "1113"]
[Mode "WEB"]
[Result "1-0"]

1. e4 e5 2. Nf3 Nc6 3. Bc4 Bc5 4. d3 Nf6 5. Ng5 O-O 6. Nxf7 Rxf7 7. Bxf7+ Kxf7
8. Be3 Bb6 9. Nc3 d5 10. O-O d4 11. Bxd4 Nxd4 12. a3 Bg4 13. f3 Bh5 14. Kh1 Qd6
15. g4 Bg6 16. h4 h6 17. h5 Bh7 18. Ne2 Qc5 19. Nxd4 Qxd4 20. c3 Qe3 21. Re1 Qf4
22. d4 exd4 23. cxd4 c6 24. e5 Bc7 25. Re2 Nd5 26. e6+ Ke7 27. Qe1 Bd3 28. Rf2
Ne3 29. Qb4+ Bd6 30. Qxb7+ Kxe6 31. Qxa8 Nxg4 32. Qc8+ Kf6 33. Qxg4 Qxd4 34.
Qxd4+ Be5 35. Qxd3 Kg5 36. f4+ Kg4 37. fxe5 Kxh5 38. Qf3+ Kg5 39. Qf5+ Kh4 40.
Qg6 {BourloisMael a abandonné} 1-0

[Event "Tournament 14459 - Europe Echecs"]
[Site "Europe Echecs"]
[Date "2020.07.07"]
[Round "9"]
[Time "18:23:10"]
[PlyCount "62"]
[White "ContieLilio"]
[Black "BelliniMatteo"]
[WhiteElo "1315"]
[BlackElo "1098"]
[Mode "WEB"]
[Result "1-0"]

1. e4 e5 2. Nf3 Nc6 3. Nc3 Nf6 4. a3 Be7 5. d4 exd4 6. Nxd4 d6 7. Nxc6 bxc6 8.
Bc4 Nxe4 9. Nxe4 d5 10. Bb3 dxe4 11. Qxd8+ Bxd8 12. O-O O-O 13. Re1 Re8 14. Bf4
Bf5 15. Rad1 g5 16. Bg3 Rc8 17. Ba4 Bd7 18. Rxd7 h5 19. h3 h4 20. Bh2 f5 21.
Bxc6 Re6 22. Bd5 f4 23. Bxe6+ Kf8 24. Rf7+ Ke8 25. Bxc8 Bf6 26. Rxf6 Ke7 27.
Re6+ Kf7 28. R1xe4 Kg7 29. Re7+ Kf6 30. R4e6+ Kf5 31. Rf7# {BelliniMatteo est échec et mat} 1-0

[Event "Tournament 14459 - Europe Echecs"]
[Site "Europe Echecs"]
[Date "2020.07.07"]
[Round "9"]
[Time "18:23:10"]
[PlyCount "125"]
[White "ColinPenelope"]
[Black "CleranLorene"]
[WhiteElo "1290"]
[BlackElo "1086"]
[Mode "WEB"]
[Result "0-1"]

1. e4 e5 2. f4 Nc6 3. Nf3 f6 4. Nc3 Nge7 5. Bc4 a6 6. fxe5 fxe5 7. O-O b5 8. Bd5
Nxd5 9. exd5 Bc5+ 10. Kh1 e4 11. Re1 Bf2 12. Rf1 exf3 13. Rxf2 Nd4 14. gxf3 O-O
15. d3 Qh4 16. Rg2 d6 17. Bg5 Qh5 18. Ne4 Bh3 19. Rg3 Nxf3 20. Nd2 Rf5 21. Nxf3
Bg4 22. Rxg4 Qxg4 23. Qe2 Rxf3 24. Qe6+ Qxe6 25. dxe6 Re8 26. Re1 Rf5 27. Bh4 g5
28. Bg3 Kg7 29. c4 Kf6 30. cxb5 axb5 31. d4 Rxe6 32. Rc1 Re7 33. b3 Rd5 34. Bf2
Re2 35. Bg1 Rxa2 36. Rxc7 h5 37. Rc3 b4 38. Rc4 Kf5 39. Rxb4 Ke4 40. Rc4 g4 41.
b4 h4 42. Rc6 Rb2 43. Rc7 Rxb4 44. Re7+ Kd3 45. Re3+ Kxd4 46. Rb3+ Kc4 47. Re3
h3 48. Re4+ Kb5 49. Re6 Rd1 50. Re7 d5 51. Rb7+ Kc4 52. Rc7+ Kb3 53. Re7 d4 54.
Re4 d3 55. Re3 Kc3 56. Rg3 Rf1 57. Re3 Kc2 58. Re5 d2 59. Rc5+ Kd1 60. Rc3 Rb1
61. Rc4 Ke2 62. Rc2 Rxg1# {ColinPenelope est échec et mat} 0-1

[Event "Tournament 14459 - Europe Echecs"]
[Site "Europe Echecs"]
[Date "2020.07.07"]
[Round "9"]
[Time "18:23:10"]
[PlyCount "34"]
[White "CharrierShayan"]
[Black "RobertLouis"]
[WhiteElo "1260"]
[BlackElo "1080"]
[Mode "WEB"]
[Result "1-0"]

1. d4 d5 2. Nf3 c5 3. c3 Nc6 4. Bf4 Nf6 5. e3 e6 6. Nbd2 Bd6 7. Bg3 O-O 8. Bd3
b6 9. Ne5 Bxe5 10. dxe5 Ng4 11. Qxg4 Bb7 12. Qh5 h6 13. Bf4 g6 14. Qxh6 c4 15.
Bg5 Qd7 16. Bf6 Rfe8 17. Qh8# {RobertLouis est échec et mat} 1-0